Good governance in the Era of global neoliberalism (Record no. 278673)

MARC details
000 -LEADER
fixed length control field 00957nam a2200277Ia 4500
003 - CONTROL NUMBER IDENTIFIER
control field OSt
005 - DATE AND TIME OF LATEST TRANSACTION
control field 20220918223520.0
008 - FIXED-LENGTH DATA ELEMENTS--GENERAL INFORMATION
fixed length control field 220917b |||||||| |||| 00| 0 eng d
037 ## - SOURCE OF ACQUISITION
Terms of availability Textual
040 ## - CATALOGING SOURCE
Original cataloging agency ARTS
Transcribing agency ARTS
Language of cataloging eng
041 ## - LANGUAGE CODE
Source of code eng
Language code of text/sound track or separate title eng
100 ## - MAIN ENTRY--PERSONAL NAME
Personal name Demmers Jolle Ed.
9 (RLIN) 145915
245 #0 - TITLE STATEMENT
Title Good governance in the Era of global neoliberalism
Remainder of title Conflict and depolitisation in Latin America, Eastern Europe, Asia and Africa
260 ## - PUBLICATION, DISTRIBUTION, ETC.
Place of publication, distribution, etc. London
Name of publisher, distributor, etc. Routledge
Date of publication, distribution, etc. 2004
300 ## - PHYSICAL DESCRIPTION
Extent xviii, 353p
Dimensions cm.
490 ## - SERIES STATEMENT
Series statement Routledge studies in the modern world economy
650 ## - SUBJECT ADDED ENTRY--TOPICAL TERM
Topical term or geographic name entry element POLITICAL SCIENCE
700 ## - ADDED ENTRY--PERSONAL NAME
Personal name Hogenboom Barbara Ed.
9 (RLIN) 145916
700 ## - ADDED ENTRY--PERSONAL NAME
Personal name Jilberto Alex E. Fernandez Ed.
9 (RLIN) 145917
942 ## - ADDED ENTRY ELEMENTS (KOHA)
Classification part W:5.1TH, P4
Koha item type Textual
Source of classification or shelving scheme Colon Classification (CC)
Holdings
Withdrawn status Lost status Damaged status Not for loan Home library Current library Date acquired Total Checkouts Full call number Barcode Date last seen Price effective from Koha item type
        Arts Library Arts Library 2022-09-18   W:5.1TH P4 AL1338160 2022-09-18 2022-09-18 Textual
Copyright @ Delhi University Library System